00594nam a22001932 450000100060000000300080000600500170001400800390003103500190007004000330008904100080012208200220013010000230015224500770017526000430025230000350029550400200033065000500035034730BD-RjUL20211209052213.0140519s1961 enkab 001 0 eng a(BD-RjUL)34824 aDLCcCarPdDLCdBD-RjULbeng aeng a301.451bBEI 19611 aBenedict, Burton. 10aIndians in a plural society :ba report on Mauritius /c Burton Benedict aLondon :bH.M. Stationery Off.,c1961. a168,[10] p. :bill. ;c25 cm. aIncludes index. 0aEast Indians in Mauritius. [from old catalog]